Poplatky po novelách Úplné znění zákonů

Zákon ČNR č. 368/1992 Zb. o správnych poplatkoch, v znení neskorších predpisov. Zákon ČNR č. 549/1991 Zb. o súdnych poplatkoch, v znení neskorších predpisov. Zákon ČNR 565/1990 Zb. o miestnych poplatkoch, v znení neskorších predpisov.

Salvato in:
Dettagli Bibliografici
Autore principale: Nesnídal, Jiří
Natura: Capitolo di libro
Lingua:ceco
Soggetti:
Tags: Aggiungi Tag
Nessun Tag, puoi essere il primo ad aggiungerne!!

MARC

LEADER 00000naa a2200000 4500
001 r024965
005 20221208130759.7
041 0 |a cze 
044 |a CZ 
245 1 0 |a Poplatky po novelách  |b Úplné znění zákonů  |c Jiří Nesnídal 
520 |a Zákon ČNR č. 368/1992 Zb. o správnych poplatkoch, v znení neskorších predpisov. Zákon ČNR č. 549/1991 Zb. o súdnych poplatkoch, v znení neskorších predpisov. Zákon ČNR 565/1990 Zb. o miestnych poplatkoch, v znení neskorších predpisov. 
610 2 0 |a poplatky 
610 2 0 |a poplatky správne 
610 2 0 |a poplatky miestne 
610 2 0 |a poplatky súdne 
610 2 0 |a zákony 
610 2 0 |a Česko 
610 2 0 |a 1990 
610 2 0 |a 1991 
610 2 0 |a 1992 
610 2 0 |a 1994 
100 1 |a Nesnídal, Jiří